000 00337nam a2200133 i 4500
001 bg
100 1 _aMASON, J.
245 0 _aMethods of functional analysis for application in solid mechanics /
_cJ. Mason.
260 _aAmsterdam,
_c1985.
040 _cBPK
041 _apol
942 _cKS
008 s pl f |000 0 pol
999 _c23295
_d23295
856 _uhttp://koha.tu.koszalin.pl/cgi-bin/koha/opac-detail.pl?biblionumber=23295
_yKatalog online BPK